Calibration of fundamental Stellar quantities (Record no. 8611)

MARC details
000 -LEADER
fixed length control field 01145nam a2200253Ia 4500
003 - CONTROL NUMBER IDENTIFIER
control field IN-BaIIA
008 - FIXED-LENGTH DATA ELEMENTS--GENERAL INFORMATION
fixed length control field 211028s9999 xx 000 0 eng d
020 ## - INTERNATIONAL STANDARD BOOK NUMBER
International Standard Book Number 90-277-2110-6
040 ## - CATALOGING SOURCE
Transcribing agency IIA Library
080 ## - UNIVERSAL DECIMAL CLASSIFICATION NUMBER
Universal Decimal Classification number 082.2:52
Item number IAU-S111
111 ## - MAIN ENTRY--MEETING NAME
Meeting name or jurisdiction name as entry element Symposium of the International Astronomical Union on Calibration of Fundamental Stellar Quantities
Number of part/section/meeting 111th
Location of meeting Villa Olmo, Como, Italy
Date of meeting or treaty signing 1984 May 24-29
9 (RLIN) 14453
245 #0 - TITLE STATEMENT
Title Calibration of fundamental Stellar quantities
Remainder of title proceedings of the 111th Symposium of the international Astronomical Union on calibration of fundamental Stellar quantities, held at Villa Olmo, Como, Italy, May 24-29, 1984
Statement of responsibility, etc. edited by D. S. Hayes, Pasinetti, L. E and Davis A. G Philip
260 ## - PUBLICATION, DISTRIBUTION, ETC.
Place of publication, distribution, etc. Dordrecht
Name of publisher, distributor, etc. D. Reidel Publishing
Date of publication, distribution, etc. 1985
300 ## - PHYSICAL DESCRIPTION
Extent xxiii, 644p.
650 ## - SUBJECT ADDED ENTRY--TOPICAL TERM
Topical term or geographic name entry element Astrometry
650 ## - SUBJECT ADDED ENTRY--TOPICAL TERM
Topical term or geographic name entry element Astronomical photometry
650 ## - SUBJECT ADDED ENTRY--TOPICAL TERM
Topical term or geographic name entry element Astronomical techniques
9 (RLIN) 1786
650 ## - SUBJECT ADDED ENTRY--TOPICAL TERM
Topical term or geographic name entry element Astronomy and Astrophysics thesaurus
650 ## - SUBJECT ADDED ENTRY--TOPICAL TERM
Topical term or geographic name entry element Stellar quantities Calibration
9 (RLIN) 14454
700 ## - ADDED ENTRY--PERSONAL NAME
Personal name Hayes, D. S., ed.
9 (RLIN) 10533
700 ## - ADDED ENTRY--PERSONAL NAME
Personal name Pasinetti, L. E., ed.
9 (RLIN) 14455
700 ## - ADDED ENTRY--PERSONAL NAME
Personal name Philip, Davis A. G., ed.
9 (RLIN) 10534
942 ## - ADDED ENTRY ELEMENTS (KOHA)
Koha item type Books
Holdings
Withdrawn status Lost status Damaged status Not for loan Home library Current library Shelving location Date acquired Total Checkouts Full call number Barcode Date last seen Price effective from Koha item type
        IIA Library-Bangalore IIA Library-Bangalore General Stacks 13/02/1986   082.2:52/ IAU-S111 9483 05/11/2021 13/02/1986 Books

Powered by Koha